|
|
|
|
| LEADER |
00000nas a2200000 a 4500 |
| 001 |
ssj0062172 |
| 003 |
WaSeSS |
| 005 |
20200512172242.0 |
| 006 |
m d |
| 007 |
cr n |
| 008 |
080407c20079999fr qr pss 0 0fre c |
| 010 |
|
|
|a 2008249040
|
| 016 |
7 |
|
|a 2388206-2
|2 DE-600
|
| 016 |
7 |
|
|a 23882062
|2 de-600
|
| 016 |
7 |
|
|a 985748559
|2 de-101
|
| 016 |
7 |
|
|a 985748559
|2 DE-101
|
| 016 |
7 |
|
|a 013758308
|2 Uk
|
| 022 |
|
|
|a 1951-638X
|l 1951-6371
|y 1951-6371
|
| 035 |
|
|
|a (WaSeSS)ssj0062172
|
| 037 |
|
|
|b Springer France, 22 Rue de Palestro, Paris, 75002 France
|
| 040 |
|
|
|a HNK
|b eng
|c HNK
|d KKS
|d ZYU
|d OCLCQ
|d OCLCF
|d TXA
|d OCLCQ
|d AU@
|d UKMGB
|d VT2
|d CNTRU
|d WaSeSS
|
| 042 |
|
|
|a pcc
|
| 050 |
1 |
4 |
|a RC280.C6
|b C62
|
| 130 |
0 |
|
|a Côlon & rectum (Online)
|
| 245 |
1 |
0 |
|a Côlon & rectum
|h [electronic resource].
|
| 246 |
1 |
1 |
|a Côlon et rectum
|
| 246 |
1 |
|
|a Côlon and rectum
|
| 260 |
|
|
|a [Paris, France] :
|b Springer,
|c ©2007-
|
| 310 |
|
|
|a Quarterly
|
| 362 |
1 |
|
|a Began with: Vol. 1, no. 1 (Feb. 2007).
|
| 506 |
|
|
|a License restrictions may limit access.
|
| 588 |
|
|
|a Description based on: Vol. 1, no. 1 (Feb. 2007); title from journal home page (SpringerLink, viewed Apr. 8, 2008).
|
| 588 |
|
|
|a Latest issue consulted: Vol. 8, issue 1 (Feb. 2014) (SpringerLink, viewed Apr. 10, 2014).
|
| 650 |
|
0 |
|a Colon (Anatomy)
|x Cancer
|v Periodicals.
|
| 650 |
|
7 |
|a Colon (Anatomy)
|x Cancer.
|2 fast
|0 (OCoLC)fst00868404
|
| 655 |
|
0 |
|a Electronic journals.
|
| 776 |
0 |
8 |
|i Print version:
|t Côlon & rectum
|x 1951-6371
|w (DLC) 2011243968
|w (OCoLC)769214527
|
| 856 |
4 |
0 |
|z Full text available from Research Library: 02/01/2017 to present
|u https://search.proquest.com/publication/2043990
|